Computers in your future 3rd ed. (Record no. 79703)
[ view plain ]
| 000 -LEADER | |
|---|---|
| fixed length control field | 00943nam a2200205 a 4500 |
| 008 - FIXED-LENGTH DATA ELEMENTS--GENERAL INFORMATION | |
| fixed length control field | 120416s1999 ||||||||||||||||| || u |
| 020 ## - INTERNATIONAL STANDARD BOOK NUMBER | |
| International Standard Book Number | 8120315561 |
| 050 ## - LIBRARY OF CONGRESS CALL NUMBER | |
| Classification number | QA 76.5 Mey |
| 100 ## - MAIN ENTRY--PERSONAL NAME | |
| Personal name | Meyer, Marilyn W |
| 245 10 - TITLE STATEMENT | |
| Title | Computers in your future 3rd ed. |
| 250 ## - EDITION STATEMENT | |
| Edition statement | 3rd ed. |
| 260 ## - PUBLICATION, DISTRIBUTION, ETC. | |
| Place of publication, distribution, etc. | New Delhi |
| Name of publisher, distributor, etc. | Prentice-Hall of India |
| Date of publication, distribution, etc. | 1999 |
| 350 ## - | |
| -- | 0.00 |
| 650 ## - SUBJECT ADDED ENTRY--TOPICAL TERM | |
| Topical term or geographic name entry element | COMPUTER TECHNOLOGY |
| 650 #7 - SUBJECT ADDED ENTRY--TOPICAL TERM | |
| Topical term or geographic name entry element | TECHNOLOGY |
| Source of heading or term | fast |
| 700 ## - ADDED ENTRY--PERSONAL NAME | |
| Personal name | Pfaffenberger, B |
| 995 ## - | |
| -- | BINDERY (DAMAGED) |
| -- | 0.00 |
| -- | 733082 |
| -- | CBU-MAIN LIBRARY (Kitwe) |
| -- | 1 |
| -- | 30.00 |
| -- | QA 76.5 Mey |
| -- | 1 |
| -- | DAMAGED |
| -- | Apr 24, 2006 |
| -- | 44707 |
| -- | Main Library Open Access Collection |
| 995 ## - | |
| -- | ANNEX COLLECTION (Main Library) |
| -- | 0.00 |
| -- | 733084 |
| -- | CBU-MAIN LIBRARY (Kitwe) |
| -- | 2 |
| -- | 30.00 |
| -- | QA 76.5 Mey |
| -- | 2 |
| -- | AVAILABLE |
| -- | Apr 27, 2006 |
| -- | 44710 |
| -- | Annex Low-Usage Collection |
| 995 ## - | |
| -- | BINDERY (DAMAGED) |
| -- | 0.00 |
| -- | 733083 |
| -- | CBU-MAIN LIBRARY (Kitwe) |
| -- | 3 |
| -- | 30.00 |
| -- | QA 76.5 Mey |
| -- | 3 |
| -- | DAMAGED |
| -- | 55819 |
| -- | Main Library Open Access Collection |
| 999 ## - | |
| -- | 79703 |
| -- | 79703 |
| Withdrawn status | Lost status | Source of classification or shelving scheme | Damaged status | Not for loan | Permanent Location | Current Location | Shelving location | Date acquired | Total Checkouts | Full call number | Barcode | Date last seen | Copy number | Price effective from | Koha item type |
|---|---|---|---|---|---|---|---|---|---|---|---|---|---|---|---|
| CBU-MAIN LIBRARY, KITWE. | CBU-MAIN LIBRARY, KITWE. | 06/29/2023 | QA 76.5 Mey | 44707 | 06/29/2023 | 1 | 06/29/2023 | MONOGRAPH | |||||||
| CBU-MAIN LIBRARY, KITWE. | CBU-MAIN LIBRARY, KITWE. | 06/29/2023 | QA 76.5 Mey | 44710 | 06/29/2023 | 2 | 06/29/2023 | MONOGRAPH | |||||||
| CBU-MAIN LIBRARY, KITWE. | CBU-MAIN LIBRARY, KITWE. | 06/29/2023 | QA 76.5 Mey | 55819 | 06/29/2023 | 3 | 06/29/2023 | MONOGRAPH |